000 01505nam0a2200361 4500
001 RU\NLR\bibl\1029691
005 20260405122642.0
010 _a5-93437-269-6
_bВ пер.
_95000
021 _aRU
_b2006-75643
_93827
035 _a(nilc)RSL-KNO-002981373
035 _a(NLR Aleph) 001017169
090 _a675387
_c675387
100 _a20061127d2007 |||y0rusy50 ca
101 0 _arus
102 _aRU
105 _aa zzzz|||||
200 1 _aЖивописная вышивка гладью
_eосновы мастерства
_fВ.Д. Королева
210 _aСанкт-Петербург
_cПаритет
_d2007 [т.е. 2006]
215 _a204, [1] с.
_cил., цв. ил.
_d26
300 _aКн. фактически изд. в 2006 г.
606 1 _aВышивание гладью
_92157601
_3RU\NLR\auth\661298765
610 0 _aПроизводства легкой промышленности -- Швейное производство -- Рукоделие -- Вышивание -- Популярные издания
610 0 _aвышивка гладью
686 _aМ482я9
_2rubbk
686 _aМ482
700 1 _4070
_8rus
_7ca
_aКоролева
_bВ. Д.
_cвышивальщица
_gВероника Дмитриевна
_3RU\NLR\AUTH\7748462
_931397
801 0 _aRU
_bРКП
_c20061127
_grcr
801 1 _aRU
_bРГБ
_c20061127
801 2 _aRU
_bNLR
_c20070112
_grcr
942 _cBOOK
980 _aNB